Every Top-Division Champion in a UEFA Country since 2016 - Statistics

General Stats
  • This quiz has been taken 25 times
  • The average score is 91 of 193
Answer Stats
UEFA Country Champions Team % Correct
Italy 2022 AC Milan
100%
Netherlands 2019, 2021-22 Ajax
100%
England 2017 Chelsea
100%
Denmark 2016-17, 2019, 2022-23, 2025 Copenhagen
100%
Italy 2021, 2024 Inter Milan
100%
Italy 2016-20 Juventus
100%
England 2016 Leicester City
100%
France 2021 Lille
100%
England 2020, 2025 Liverpool
100%
England 2018-19, 2021-24 Manchester City
100%
Italy 2023, 2025 Napoli
100%
France 2016, 2018-20, 2022-25 Paris Saint-Germain
100%
Netherlands 2016, 2018, 2024-25 PSV Eindhoven
100%
France 2017 AS Monaco
95%
Germany 2024 Bayer Leverkusen
95%
Germany 2016-23, 2025 Bayern Munich
95%
Portugal 2018, 2020, 2022 Porto
95%
Austria 2016-23 Red Bull Salzburg
95%
Portugal 2021, 2024-25 Sporting CP
95%
Greece 2018, 2023 AEK Athens
90%
Spain 2021 Atlético Madrid
90%
Spain 2016, 2018-19, 2023, 2025 Barcelona
90%
Portugal 2016-17, 2019, 2023 Benfica
90%
Netherlands 2017, 2023 Feyenoord
90%
Türkiye 2018-19, 2023-25 Galatasaray
90%
Spain 2017, 2020, 2022, 2024 Real Madrid
90%
Czech Republic 2023-24 Sparta Prague
90%
Belgium 2017 Anderlecht
85%
Cyprus 2016-2019, 2024 APOEL
85%
Kazakhstan 2016-19, 2022 Astana
85%
Türkiye 2016-17, 2021 Beşiktaş
85%
Scotland 2016-2020, 2022-25 Celtic
85%
Belgium 2016, 2018, 2020-22, 2024 Club Brugge
85%
Croatia 2016, 2018-2024 Dinamo Zagreb
85%
Ukraine 2016, 2021, 2025 Dynamo Kyiv
85%
Belgium 2019 Genk
85%
Sweden 2016-17, 2020-21, 2023-24 Malmö FF
85%
Azerbaijan 2016-2020, 2022-2025 Qarabağ
85%
Scotland 2021 Rangers
85%
Serbia 2016, 2018-25 Red Star Belgrade
85%
Ukraine 2017-20, 2023-24 Shakhtar Donetsk
85%
Russia 2019-24 Zenit Saint Petersburg
85%
Belgium 2023 Antwerp
80%
Norway 2020-21, 2023-24 Bodø/Glimt
80%
Poland 2016-18, 2020-21 Legia Warsaw
80%
Greece 2016-17, 2020-22, 2025 Olympiacos
80%
Russia 2017 Spartak Moscow
80%
Albania 2020, 2022 Tirana
80%
Russia 2016 CSKA Moscow
75%
Hungary 2016, 2019-25 Ferencváros
75%
Israel 2021-23 Maccabi Haifa
75%
Israel 2019-20, 2024-25 Maccabi Tel Aviv
75%
Greece 2019, 2024 PAOK
75%
Switzerland 2018-21, 2023-24 Young Boys
75%
Romania 2024-25 FCSB
70%
Poland 2022, 2025 Lech Poznań
70%
Moldova 2016-2019, 2021-23 Sheriff Tiraspol
70%
Czech Republic 2017, 2019-21, 2025 Slavia Prague
70%
Austria 2024-25 Sturm Graz
70%
Switzerland 2016-17, 2025 Basel
65%
Belarus 2023-24 Dinamo Minsk
65%
Russia 2018 Lokomotiv Moscow
65%
Bulgaria 2016-25 Ludogorets Razgrad
65%
Kosovo 2021 Prishtina
65%
Slovakia 2019-25 Slovan Bratislava
65%
Türkiye 2022 Trabzonspor
65%
Türkiye 2020 İstanbul Başakşehir
60%
Slovenia 2017, 2019, 2022 Maribor
60%
Norway 2019, 2022 Molde
60%
Serbia 2017 Partizan
60%
Croatia 2017, 2025 Rijeka
60%
Belgium 2025 Union Saint-Gilloise
60%
Malta 2016, 2018-19 Valletta
60%
Sweden 2018 AIK
55%
Belarus 2016-18 BATE Borisov
55%
Finland 2017-18, 2020-23 HJK
55%
Denmark 2018, 2020, 2024 Midtjylland
55%
Cyprus 2025 Pafos
55%
Norway 2016-18 Rosenborg
55%
Bosnia and Herzegovina 2019-20 Sarajevo
55%
Czech Republic 2016, 2018, 2022 Viktoria Plzeň
55%
Switzerland 2022 Zürich
55%
Denmark 2021 Brøndby
50%
Republic of Ireland 2017 Cork City
50%
Georgia 2019-20, 2022 Dinamo Tbilisi
50%
Iceland 2019 KR
50%
Gibraltar 2016, 2018-19, 2021-25 Lincoln Red Imps
50%
Armenia 2025 Noah
50%
Kazakhstan 2020, 2024-25 Kairat
45%
Slovenia 2016, 2018, 2023, 2025 Olimpija Ljubljana
45%
Republic of Ireland 2020-23, 2025 Shamrock Rovers
45%
Wales 2016-19, 2022-25 The New Saints
45%
Norway 2025 Viking
45%
Romania 2018-22 CFR Cluj
40%
Sweden 2019 Djurgårdens IF
40%
Luxembourg 2016-19, 2022 F91 Dudelange
40%
Estonia 2017, 2019-20, 2022-23, 2025 Flora
40%
Israel 2016-18 Hapoel Be'er Sheva
40%
Russia 2025 Krasnodar
40%
Cyprus 2021 Omonia Nicosia
40%
Lithuania 2016, 2020-22, 2024 Žalgiris
40%
Luxembourg 2024-25 FC Differdange 03
35%
Poland 2024 Jagiellonia Białystok
35%
Faroe Islands 2019, 2021-23, 2025
35%
Northern Ireland 2017, 2019-22, 2025 Linfield
35%
Latvia 2021, 2023-24 RFS
35%
Faroe Islands 2016-17, 2024 Víkingur
35%
Iceland 2021, 2023, 2025 Víkingur
35%
Cyprus 2022 Apollon Limassol
30%
Luxembourg 2021 Fola Esch
30%
Andorra 2020-22, 2025 Inter Club d'Escaldes
30%
Poland 2023 Raków Częstochowa
30%
North Macedonia 2018-19, 2021, 2025 Shkëndija
30%
Hungary 2018 Videoton
30%
Bosnia and Herzegovina 2016-18, 2022-23, 2025 Zrinjski Mostar
30%
Armenia 2019-20 Ararat-Armenia
25%
Kosovo 2022-24 Ballkani
25%
Bosnia and Herzegovina 2021, 2024 Borac Banja Luka
25%
Slovenia 2020, 2024 Celje
25%
Georgia 2021, 2023 Dinamo Batumi
25%
Kosovo 2018, 2020, 2025 Drita
25%
Republic of Ireland 2016, 2018-19 Dundalk
25%
Estonia 2021, 2024 FCI Levadia
25%
Andorra 2016-19 FC Santa Coloma
25%
Malta 2021, 2023-25 Ħamrun Spartans
25%
Poland 2019 Piast Gliwice
25%
Armenia 2022, 2024 Pyunik
25%
Latvia 2018-20, 2025 Riga FC
25%
Albania 2016, 2018 Skënderbeu
25%
Iceland 2017-18, 2020 Valur
25%
North Macedonia 2016-17, 2020 Vardar
25%
Slovakia 2017 Žilina
25%
Cyprus 2023 Aris Limassol
20%
Sweden 2022 BK Häcken
20%
Montenegro 2017, 2020-21, 2023, 2025 Budućnost
20%
Finland 2019, 2024-25 KuPS
20%
Northern Ireland 2023-24 Larne
20%
Moldova 2025 Milsami Orhei
20%
Sweden 2025 Mjällby AIF
20%
Azerbaijan 2021 Neftçi
20%
Albania 2019, 2023 Partizani
20%
Moldova 2024 Petrocub Hîncești
20%
Republic of Ireland 2024 Shelbourne
20%
Montenegro 2018-19, 2022 Sutjeska
20%
Slovakia 2016 Trenčín
20%
San Marino 2016, 2019, 2023 Tre Penne
20%
Andorra 2023 Atlètic Club d'Escaldes
15%
Iceland 2022, 2024 Breiðablik
15%
Montenegro 2024 Dečić
15%
Belarus 2019 Dynamo Brest
15%
Albania 2024-25 Egnatia
15%
Gibraltar 2017 Europa
15%
Romania 2023 Farul Constanța
15%
Kosovo 2016, 2019 Feronikeli
15%
Iceland 2016 FH
15%
San Marino 2021 Folgore/Falciano
15%
Faroe Islands 2018, 2020 HB
15%
Malta 2017, 2022 Hibernians
15%
Hungary 2017 Honvéd
15%
Finland 2016 IFK Mariehamn
15%
Lithuania 2025 Kauno Žalgiris
15%
San Marino 2017-18, 2022 La Fiorita
15%
Belarus 2025 Maxline Vitebsk
15%
Slovenia 2021 NŠ Mura
15%
Georgia 2018, 2024-25 Saburtalo/Iberia 1999
15%
Slovakia 2018 Spartak Trnava
15%
North Macedonia 2023-24 Struga
15%
Luxembourg 2023 Swift Hesperange
15%
Kazakhstan 2021 Tobol
15%
Georgia 2017 Torpedo Kutaisi
15%
San Marino 2020 Tre Fiori
15%
Kosovo 2017 Trepça'89
15%
Romania 2017 Viitorul Constanța
15%
San Marino 2024-25 Virtus
15%
Armenia 2016-2018, 2021 Alashkert
10%
Romania 2016 Astra Giurgiu
10%
Northern Ireland 2016, 2018 Crusaders
10%
Estonia 2016 FC Infonet Tallinn
10%
Malta 2020 Floriana
10%
Albania 2017 Kukësi
10%
Estonia 2018 Nõmme Kalju
10%
Kazakhstan 2023 Ordabasy
10%
Lithuania 2023 Panevėžys
10%
Belarus 2020-21 Shakhtyor Soligorsk
10%
North Macedonia 2022 Shkupi
10%
Latvia 2016-17 Spartaks Jurmala
10%
Lithuania 2017-19 Sūduva
10%
Albania 2021 Teuta
10%
Andorra 2024 UE Santa Coloma
10%
Armenia 2023 Urartu
10%
Latvia 2022 Valmiera
10%
Wales 2020-21 Connah's Quay Nomads
5%
Montenegro 2016 Mladost
5%
No matching quizzes found
Score Distribution
Percent of People with Each Score
Percentile by Number Answered
Your Score History
You have not taken this quiz